00372nam a2200133Ia 4500008004100000020001500041041001200056100001600068245008500084260002500169300000800194650001600202700002000218221030s9999 xx 000 0 und d a8120310381 aEnglish aT. W. Pratt 0aProgramming Languages : Design & Implementationcby T. W. Pratt, M. V. Zelkawitz bPHIaNew Delhic2001 a654 aBB Computer aM. V. Zelkawitz